|
|
|
|
| LEADER |
00000naa2a2200000 4500 |
| 001 |
203600 |
| 005 |
20231031185656.0 |
| 035 |
|
|
|a (RuTPU)RU\TPU\book\221890
|
| 035 |
|
|
|a RU\TPU\book\221753
|
| 090 |
|
|
|a 203600
|
| 100 |
|
|
|a 20111109d1983 k y0rusy50 ca
|
| 101 |
0 |
|
|a rus
|
| 102 |
|
|
|a RU
|
| 200 |
1 |
|
|a Аппаратура для замера дебита и уровня воды при откачках скважин
|f В. Г. Храменков
|
| 463 |
|
0 |
|0 (RuTPU)RU\TPU\book\139048
|t Проблемы геологии и разведки месторождений полезных ископаемых Сибири
|o тезисы докладов конференции , посвящ. 100-летию со дня рождения М. А. Усова, 2-4 февр. 1983 г., Томск
|v С. 261-262
|d 1983
|p 273 с.
|
| 610 |
1 |
|
|a труды учёных ТПУ
|
| 700 |
|
1 |
|a Храменков
|b В. Г.
|c горный инженер
|c доцент Томского политехнического университета, кандидат технических наук
|f 1936-
|g Владимир Григорьевич
|2 stltpush
|3 (RuTPU)RU\TPU\pers\26130
|
| 801 |
|
1 |
|a RU
|b 63413507
|c 20090111
|g PSBO
|
| 801 |
|
2 |
|a RU
|b 63413507
|c 20111109
|g PSBO
|
| 942 |
|
|
|c BK
|